Is that what you mean? /

Gespeichert in:
Bibliographische Detailangaben
1. Verfasser: Hancock, Paul (Verfasst von)
Format: Buch
Sprache:Englisch
Veröffentlicht: London : Penguin Books, 1990
Ausgabe:1.vyd.
Tags: Tag hinzufügen
Keine Tags, Fügen Sie das erste Tag hinzu!

MARC

LEADER 00000nam a22000003a 4500
001 stu1002
005 20150617225618.8
008 920113s1990----uk------------------eng-d
040 |a STU  |b slo 
041 0 |a eng 
044 |a uk 
080 |a 802.0(075) 
100 1 |a Hancock, Paul  |4 aut 
245 1 |a Is that what you mean? /  |c [aut.] Hancock,Paul 
250 |a 1.vyd. 
260 |a London :  |b Penguin Books,  |c 1990 
300 |a 120 s 
996 |b E75156  |c E*75156  |l EE18  |s P  |a 0  |w stu1002_0001